Sylvia Plath--a literary life /

Bibliographic Details
Main Author: Wagner-Martin, Linda
Format: Book
Language:English
Published: Houndmills, Basingstoke, Hampshire : New York : MacMillan ; St. Martin's Press, c1999.
Edition:2nd ed.
Series:Literary lives
Subjects:
Classic Catalogue: View this record in Classic Catalogue
LEADER 01338nam a2200313 a 4500
001 17419
003 BD-DhAAL
008 130615t20031999enk b 001 0beng d
010 |a 99012184 
020 |a 1403916535 (pbk.) 
020 |a 0333714865 (hc) 
020 |a 0333803345 (pbk.) 
040 |a DLC  |c DLC  |d DLC  |d BD-DhAAL 
082 0 0 |a 811.54  |2 21 
100 2 |a Wagner-Martin, Linda.  |9 58213 
245 1 0 |a Sylvia Plath--a literary life /  |c Linda Wagner-Martin. 
250 |a 2nd ed. 
260 |a Houndmills, Basingstoke, Hampshire :  |b MacMillan ;  |a New York :  |b St. Martin's Press,  |c c1999. 
300 |a xi, 181 p. ;  |c 23 cm. 
490 1 |a Literary lives 
504 |a Includes bibliographical references (pages 170-175) and index. 
526 |a ENH  |x Professor Syed Manzoorul Islam Coordinator Department of English and Humanities BRAC University 
541 |e 17419  |a Friends' Book Corner 
600 1 0 |a Plath, Sylvia.  |9 25770 
650 0 |a Poets, American  |y 20th century  |x Biography.  |9 58214 
852 1 |a Ayesha Abed Library  |c General Stacks 
942 |2 ddc  |c BK 
999 |c 13581  |d 13581 
952 |0 0  |1 0  |2 ddc  |4 0  |6 811_540000000000000_WAG  |7 0  |9 22718  |a BRACUL  |b BRACUL  |c GEN  |d 2013-06-15  |e Friends' Book Corner  |g 3092.00  |l 6  |m 78  |o 811.54 WAG  |p 3010017419  |r 2024-12-03  |s 2024-10-22  |t 1  |w 2013-06-15  |y BK  |x Requisitioned by Professor Syed Manzoorul Islam (Coordinator).